000 00287nam a22001337a 4500
008 171031b xxu||||| |||| 00| 0 eng d
020 _a013107623
041 _aeng
080 _a33
100 _a58
101 _aBUS
245 _aBUSINESS PROGRAMING LOGIC
_cJAN.S
942 _2udc
_cBK
999 _c36647
_d36647